Introducción a una historia contemporánea del anticlericalismo español / (Record no. 175927)

MARC details
000 -LEADER
campo de control de longitud fija 00732nam a2200229 i 4500
001 - NÚMERO DE CONTROL
campo de control 175927
003 - IDENTIFICADOR DE NÚMERO DE CONTROL
campo de control ES-MaACL
005 - FECHA Y HORA DE LA ÚLTIMA TRANSACCIÓN
campo de control 20240209181036.0
007 - CAMPO FIJO DE DESCRIPCIÓN FÍSICA--INFORMACIÓN GENERAL
campo de control de longitud fija t|
008 - DATOS DE LONGITUD FIJA--INFORMACIÓN GENERAL
campo de control de longitud fija 101201s1980 sp ||||1| spa d
020 ## - NÚMERO INTERNACIONAL ESTÁNDAR DEL LIBRO
Número Internacional Estándar del Libro 84-7090-103-6
080 ## - NÚMERO DE LA CLASIFICACIÓN DECIMAL UNIVERSAL
Número de la Clasificación Decimal Universal 322(460)
100 1# - ENTRADA PRINCIPAL--NOMBRE DE PERSONA
Nombre de persona Caro Baroja, Julio,
Fechas asociadas al nombre 1914-1995
9 (RLIN) 35403
245 10 - MENCIÓN DEL TÍTULO
Título Introducción a una historia contemporánea del anticlericalismo español /
Mención de responsabilidad, etc. Julio Caro Baroja.
260 ## - PUBLICACIÓN, DISTRIBUCIÓN, ETC.
Lugar de publicación, distribución, etc. Madrid :
Nombre del editor, distribuidor, etc. Istmo,
Fecha de publicación, distribución, etc. D. L. 1980.
300 ## - DESCRIPCIÓN FÍSICA
Extensión 243, [2] p. , [1] h. ;
Dimensiones 18 cm.
490 1# - MENCIÓN DE SERIE
Mención de serie Fundamentos ;
Designación de volumen o secuencia 70
650 04 - PUNTO DE ACCESO ADICIONAL DE MATERIA--TÉRMINO DE MATERIA
Término de materia o nombre geográfico como elemento de entrada Anticlericalismo-
Subdivisión geográfica España.
9 (RLIN) 138703
830 00 - PUNTO DE ACCESO ADICIONAL DE SERIE-TÍTULO UNIFORME
Título uniforme Fundamentos (Ediciones Istmo)
Designación de volumen o secuencia 70
9 (RLIN) 121682
852 ## - LOCALIZACIÓN
Ubicación ES-MaACL
Número de control de estantería E-13740
Holdings
Estatus retirado Estado de pérdida Estado de daño No para préstamo Biblioteca de origen Biblioteca actual Ubicación en estantería Fecha de adquisición Fuente de adquisición Total de préstamos Signatura topográfica completa Código de barras Visto por última vez Precio de reemplazo Tipo de ítem Koha
        Biblioteca del Ateneo de Madrid Biblioteca del Ateneo de Madrid Depósito 2 01/12/2010     E-13740 1184744 23/02/2023 23/02/2023 Libro impreso